000 00544nam a2200181 4500
001 122916
003 ES-MaACL
007 t|
008 070214s1970 mx r ||||0| spa d
100 1 _aPullias, Earl V.
_994383
245 1 3 _aEl maestro ideal /
_cEarl V. Pullias, James Douglas Young ; traducción de Pilar Angulo.
250 _a1ª. ed.
260 _aMéxico :
_bPax,
_c1970.
300 _aXXVIII, 306 p ;
_c21 cm.
700 1 _aYoung, James Douglas.
_9117695
700 1 _aAngulo, Pilar.
_921783
852 _aES-MaACL
_jE-9183
_bR.93500
999 _c122916
_d122916